District planning and management of DPAP in Dharmapuri district: a study on evaluation of V plan achievements and agricultural development planning for VI plan in the district (Record no. 477413)

000 -LEADER
fixed length control field 00584cam a22001337a 4500
008 - FIXED-LENGTH DATA ELEMENTS--GENERAL INFORMATION
fixed length control field 180718b1978 xxu||||| |||| 00| 0 eng d
082 ## - DEWEY DECIMAL CLASSIFICATION NUMBER
Classification number Z000x5452 R189
100 ## - MAIN ENTRY--PERSONAL NAME
Personal name Rathnam, Nittala V.
245 ## - TITLE STATEMENT
Title District planning and management of DPAP in Dharmapuri district: a study on evaluation of V plan achievements and agricultural development planning for VI plan in the district
Statement of responsibility, etc. by Nittala V. Rathnam
260 ## - PUBLICATION, DISTRIBUTION, ETC.
Place of publication, distribution, etc. Bangalore
Name of publisher, distributor, etc. Indian Institute of Management
Date of publication, distribution, etc. 1978
300 ## - PHYSICAL DESCRIPTION
Extent 120p.
650 ## - SUBJECT ADDED ENTRY--TOPICAL TERM
Topical term or geographic name entry element Agriculture - Planning - India - Tamil Nadu
700 ## - ADDED ENTRY--PERSONAL NAME
Personal name Indian Institute of Management
Holdings
Withdrawn status Lost status Damaged status Not for loan Permanent Location Current Location Date acquired Full call number Barcode Date last seen Price effective from Koha item type
        Indian Institute of Public Administration Indian Institute of Public Administration 2018-08-04 Z000x5452 R189 GR10189 2018-08-04 2018-08-04 GR

Powered by Koha